000 00677nam a22001697a 4500
999 _c159087
_d159087
008 181129b ||||| |||| 00| 0 eng d
020 _a9788129151612
_c395.00
035 _aB-713008
040 _adpl
_ben
082 _a320
245 _aPolitics for a new India:
_ba nationalistic perspective
_c:edited by Shriprakash Singh
260 _aNew Delhi
_bRupa
_c2018
270 _a7/16, Ansari Road, Daryaganj, New Delhi-110002
300 _axxvi;302p.
_c22cm.
942 _2ddc
_cEN
_h320
_mPOL